The Ballad of Songbirds and Snakes - All Characters - Statistics

General Stats
  • This quiz has been taken 234 times
    126 since last reset
  • The average score is 32 of 95
Answer Stats
Answer % Correct
Covey Lucy Gray Baird
97%
Covey Maude Ivory Baird
90%
Mentors Coriolanus Snow
88%
Peacekeepers Coriolanus Snow / Gent
88%
Capitol Tigris Snow
78%
Mentors Sejanus Plinth
76%
Peacekeepers Sejanus Plinth / Bullseye
76%
Tributes Reaper Ash
71%
Tributes Coral
69%
Tributes Wovey
69%
Capitol Crassus Snow
65%
Tributes Jessup Diggs
64%
Tributes Lamina
64%
Tributes Treech
62%
Tributes Marcus
60%
Covey Barb Azure Baird
59%
Capitol Casca Highbottom
58%
Mentors Arachne Crane
56%
Tributes Bobbin
56%
Tributes Dill
56%
Tributes Mizzen
55%
Covey Clerk Carmine Clade
54%
Covey Tam Amber
50%
Capitol Volumnia Gaul
50%
Tributes Tanner
46%
Mentors Hilarius Heavensbee
45%
Tributes Lucy Gray Baird
45%
Capitol Strabo Plinth
44%
Mentors Festus Creed
42%
Mentors Clemensia Dovecote
41%
Mentors Livia Cardew
41%
Capitol Ma Plinth
41%
Tributes Brandy
40%
Capitol Grandma'am
40%
Tributes Sol
40%
Tributes Teslee
38%
Mentors Felix Ravinstill
37%
Tributes Circ
36%
Peacekeepers Smiley
36%
Mentors Apollo Ring
35%
Mentors Diana Ring
33%
Tributes Hy
33%
Mentors Lysistrata Vickers
31%
District 12 Mayfair Lipp
31%
Mentors Persephone Price
31%
Mentors Pliny Harrington
29%
Tributes Velvereen
29%
Tributes Facet
28%
Tributes Otto
28%
Mentors Vipsania Sickle
28%
Peacekeepers Junius / Beanpole
27%
Tributes Panlo
27%
Tributes Sabyn
27%
Tributes Ginnee
26%
Capitol Lucretius Flickerman
26%
Capitol Trajan Heavensbee
26%
Peacekeepers Commander Hoff
24%
Tributes Sheaf
24%
Mentors Io Jasper
23%
District 12 Mayor Lipp
23%
Peacekeepers Bug
22%
Mentors Florus Friend
22%
Mentors Gaius Breen
22%
Mentors Juno Phipps
19%
District 12 Lil
19%
District 12 Spruce
19%
Mentors Urban Canville
19%
District 12 Billy Taupe Clade
18%
Mentors Iphigenia Moss
18%
Capitol President Ravinstill
18%
Mentors Androcles Anderson
17%
District 12 Arlo Chance
17%
Mentors Dennis Fling
15%
Capitol Agrippina Sickle
14%
Capitol Nero Price
14%
Mentors Palmyra Monty
14%
Capitol Boa Bell
13%
Mentors Domitia Whimsiwick
13%
Capitol Pluribus Bell
13%
Peacekeepers Cookie
10%
Capitol Dr. Kay
9%
Capitol Venus
9%
Capitol Jubilee
6%
Capitol Cyrus
5%
Capitol Horace
5%
Capitol Lepidus Malmsey
5%
Capitol Satyria Click
5%
Capitol Crispus Demigloss
4%
Capitol Fabricia Whatnot
4%
Capitol Pontius
4%
Capitol Remus Dolittle
4%
District 12 Shamus
3%
Peacekeepers Darius
1%
Capitol Dr. Wane
0%
Capitol Hippocrata Lunt
0%
No matching quizzes found
Score Distribution
Percent of People with Each Score
Percentile by Number Answered
Your Score History
You have not taken this quiz since the last reset